00618nam a2200181 i 450000100060000000300090000600500170001500700030003200800410003510000300007624501190010626000480022530000310027370000460030470000270035070000350037785200240041287112ES-MaACL20251204063026.0t|041220s1912 ddr ||||1| ger d1 aKoch, Robert, d1843-191010aGesammelte werke / cvon Robert Koch ; unter mitwirkung von G. Gaffy und E. Pfuhl ; herausgegeben von J. Schwalbe. aLeipzig : bThieme, c1912 (fRichard Hahn) a3 v., 93 lám. ; c30 cm.1 aGaffky, Georg Theodor August, d1850-19181 aPfuhl, Eduard, d1852-1 aSchwalbe, Julius (d1863-1930) aES-MaACLjG-1663-65